| 000 | 01334nam a2200337 i 4500 | ||
|---|---|---|---|
| 001 | 768714001 | ||
| 003 | CO-MdFUSB | ||
| 005 | 20250812152356.0 | ||
| 007 | ta | ||
| 008 | 240802t19621985ck |||| |||| 00| 0 spa d | ||
| 020 | _a9589093183 | ||
| 040 |
_aCO-MdFUSB _bspa _cCO-MdFUSB _dCO-MdFUSBC _erda |
||
| 041 | _aspa | ||
| 082 |
_223 _a863 _bF954 |
||
| 100 |
_aFuentes, Carlos. _eautor |
||
| 245 | 3 |
_aLa muerte de Artemio Cruz _c/ Carlos Fuentes |
|
| 250 | _aprimera edición | ||
| 264 | 1 |
_bFondo de Cultura Económica, _aBogotá, Colombia : _c[1985] |
|
| 264 | 4 | _c©1985 | |
| 300 |
_a316 páginas _c; 17 cm |
||
| 336 |
_2rdacontent _atexto _btxt |
||
| 337 |
_2rdamedia _asin mediación _bn |
||
| 338 |
_2rdacarrier _avolumen _bnc |
||
| 490 | _a(Colección Popular ; 145) | ||
| 520 | _aNovela del escritor mexicano Carlos Fuentes que presenta una reflexión sobre la historia y el poder en México a través de los recuerdos de Artemio Cruz, un empresario y político que agoniza. A lo largo de su memoria fragmentada, se reconstruyen episodios clave de la Revolución Mexicana y la corrupción del México contemporáneo, simbolizados en la vida del protagonista. | ||
| 563 | _aRústico | ||
| 653 | _aNovela mexicana -- Siglo XX | ||
| 653 | _aNovelas -- Condiciones sociales -- Ficción | ||
| 942 | _cBK | ||
| 945 | _aJTF-925 | ||
| 999 |
_c70726 _d70726 |
||